Statystyki dla Stolice państw Azji na mapie

Kliknij tutaj aby rozwiązać quiz!

Ogólne statystyki

  • Ten quiz został rozwiązany 88 razy
  • Średni wynik to 23 z 49

Odpowiedzi na mapie

Odpowiedzi skodowane kolorowo w zielono-czerwonej skali na mapie do tego quizu, zgodnie z poniższymi procentami.
 

Statystyki odpowiedzi

Odpowiedź% Poprawnych
Pekin
74%
Ankara
71%
Nowe Delhi
71%
Jerozolima
69%
Singapur
69%
Sri Dźajawardanapura Kotte
64%
Tbilisi
62%
Tokio
62%
Kuwejt
60%
Baku
57%
Dżakarta
57%
Nikozja
57%
Teheran
57%
Abu Zabi
55%
Erywań
55%
Manila
55%
Pjongjang
55%
Kabul
52%
Seul
52%
Ułan Bator
52%
Amman
50%
Bangkok
50%
Damaszek
50%
Dhaka
50%
Katmandu
50%
Kuala Lumpur
50%
Islamabad
48%
Nur-Sułtan
48%
Bejrut
45%
Hanoi
45%
Rijad
45%
Tajpej
45%
Wientian
43%
Male
38%
Sana
38%
Bagdad
36%
Biszkek
36%
Doha
36%
Maskat
36%
Aszchabad
33%
Bandar Seri Begawan
33%
Phnom Penh
33%
Naypyidaw
31%
Thimphu
31%
Bagdad
29%
Manama
29%
Taszkent
26%
Dili
21%
Duszanbe
21%

Rozkład punktacji

Percentyl według liczby udzielonych odpowiedzi

Procent ludzi z każdym wynikiem

Twoja historia wyników

Nie rozwiązałeś tego quizu